<?xml version="1.0" encoding="UTF-8"?>
<resp>
  <nextPage>https://data.bn.org.pl/api/networks/bibs.marcxml?marc=001+b0000003710871&amp;sinceId=3710872</nextPage>
  <collection>
    <record xmlns='http://www.loc.gov/MARC21/slim'><leader>05285nam a2201237 i 4500</leader><controlfield tag='001'>b0000003710871</controlfield><controlfield tag='005'>20260402111620.4</controlfield><controlfield tag='008'>150409s2014    pl d         |000 0 pol  </controlfield><controlfield tag='009'>9910264132205606</controlfield><datafield ind1=' ' ind2=' ' tag='015'><subfield code='a'>UWD 2015/12187</subfield></datafield><datafield ind1=' ' ind2=' ' tag='020'><subfield code='a'>9788379303502</subfield><subfield code='q'>(oprawa miękka)</subfield></datafield><datafield ind1=' ' ind2=' ' tag='035'><subfield code='a'>991047040049705066</subfield></datafield><datafield ind1=' ' ind2=' ' tag='035'><subfield code='a'>(PL)b0000003710871</subfield></datafield><datafield ind1=' ' ind2=' ' tag='035'><subfield code='a'>(PL-WaBN)b37108712-48omnis_nlop</subfield></datafield><datafield ind1=' ' ind2=' ' tag='035'><subfield code='a'>b37108712</subfield></datafield><datafield ind1=' ' ind2=' ' tag='035'><subfield code='a'>(OCoLC)883549803</subfield></datafield><datafield ind1=' ' ind2=' ' tag='035'><subfield code='a'>xx003119013</subfield></datafield><datafield ind1=' ' ind2=' ' tag='040'><subfield code='a'>WA N</subfield><subfield code='c'>WA N</subfield><subfield code='d'>KIEL W</subfield><subfield code='d'>WA N</subfield></datafield><datafield ind1=' ' ind2=' ' tag='046'><subfield code='k'>2014</subfield></datafield><datafield ind1=' ' ind2=' ' tag='080'><subfield code='a'>339.5(438)</subfield></datafield><datafield ind1=' ' ind2=' ' tag='084'><subfield code='a'>01</subfield></datafield><datafield ind1='0' ind2='0' tag='245'><subfield code='a'>Perspektywy rozwoju polskiego eksportu do krajów pozaunijnych /</subfield><subfield code='c'>redakcja naukowa Stanisław Wydymus, Bożena Pera.</subfield></datafield><datafield ind1=' ' ind2=' ' tag='260'><subfield code='a'>Warszawa :</subfield><subfield code='b'>Difin,</subfield><subfield code='c'>2014.</subfield></datafield><datafield ind1=' ' ind2=' ' tag='300'><subfield code='a'>334 strony :</subfield><subfield code='b'>wykresy ;</subfield><subfield code='c'>23 cm.</subfield></datafield><datafield ind1=' ' ind2=' ' tag='336'><subfield code='a'>Tekst</subfield><subfield code='b'>txt</subfield><subfield code='2'>rdacontent</subfield></datafield><datafield ind1=' ' ind2=' ' tag='337'><subfield code='a'>Bez urządzenia pośredniczącego</subfield><subfield code='b'>n</subfield><subfield code='2'>rdamedia</subfield></datafield><datafield ind1=' ' ind2=' ' tag='338'><subfield code='a'>Wolumin</subfield><subfield code='b'>nc</subfield><subfield code='2'>rdacarrier</subfield></datafield><datafield ind1=' ' ind2=' ' tag='380'><subfield code='a'>Książki</subfield></datafield><datafield ind1=' ' ind2=' ' tag='380'><subfield code='a'>Publikacje naukowe</subfield></datafield><datafield ind1='1' ind2=' ' tag='388'><subfield code='a'>2001-</subfield></datafield><datafield ind1=' ' ind2=' ' tag='500'><subfield code='a'>Rozdziały lub artykuły tej książki skatalogowano pod własnymi tytułami. Dostępne pod tytułem pracy zbiorowej.</subfield></datafield><datafield ind1=' ' ind2=' ' tag='504'><subfield code='a'>Bibliografia, netografia przy rozdziałach.</subfield></datafield><datafield ind1=' ' ind2='7' tag='648'><subfield code='a'>1901-2000</subfield><subfield code='2'>DBN</subfield></datafield><datafield ind1=' ' ind2='7' tag='648'><subfield code='a'>1989-2000</subfield><subfield code='2'>DBN</subfield></datafield><datafield ind1=' ' ind2='7' tag='648'><subfield code='a'>2001-</subfield><subfield code='2'>DBN</subfield></datafield><datafield ind1=' ' ind2='0' tag='650'><subfield code='a'>Exports</subfield><subfield code='z'>Poland.</subfield></datafield><datafield ind1=' ' ind2='7' tag='650'><subfield code='a'>Handel zagraniczny</subfield><subfield code='2'>DBN</subfield></datafield><datafield ind1=' ' ind2='7' tag='655'><subfield code='a'>Opracowanie</subfield><subfield code='2'>DBN</subfield></datafield><datafield ind1=' ' ind2=' ' tag='658'><subfield code='a'>Gospodarka, ekonomia, finanse</subfield></datafield><datafield ind1='1' ind2=' ' tag='700'><subfield code='a'>Pera, Bożena</subfield><subfield code='e'>Redakcja</subfield></datafield><datafield ind1='1' ind2=' ' tag='700'><subfield code='a'>Wydymus, Stanisław</subfield><subfield code='d'>(1948-2018)</subfield><subfield code='e'>Redakcja</subfield></datafield><datafield ind1='2' ind2=' ' tag='710'><subfield code='a'>Difin</subfield><subfield code='e'>Wydawca</subfield><subfield code='4'>pbl</subfield></datafield><datafield ind1=' ' ind2=' ' tag='852'><subfield code='8'>2278959040005068</subfield><subfield code='j'>1</subfield><subfield code='h'>96714/N</subfield><subfield code='b'>WBP-KIELCE</subfield><subfield code='p'>386256</subfield><subfield code='c'>WYP-MAG</subfield></datafield><datafield ind1=' ' ind2=' ' tag='852'><subfield code='8'>22539532940005067</subfield><subfield code='j'>1</subfield><subfield code='h'>B 637853 II</subfield><subfield code='b'>BJ</subfield><subfield code='p'>1002014256</subfield><subfield code='c'>BJ_MAG</subfield></datafield><datafield ind1=' ' ind2=' ' tag='852'><subfield code='8'>221047467290008831</subfield><subfield code='j'>0</subfield><subfield code='b'>2600-WZA</subfield><subfield code='p'>1088067165</subfield><subfield code='c'>190018</subfield></datafield><datafield ind1=' ' ind2=' ' tag='852'><subfield code='8'>221047467230008831</subfield><subfield code='j'>1</subfield><subfield code='b'>2600-WZA</subfield><subfield code='p'>1088067769</subfield><subfield code='c'>190017</subfield></datafield><datafield ind1=' ' ind2=' ' tag='852'><subfield code='8'>221047467290008831</subfield><subfield code='j'>1</subfield><subfield code='b'>2600-WZA</subfield><subfield code='p'>1088067164</subfield><subfield code='c'>190018</subfield></datafield><datafield ind1=' ' ind2=' ' tag='852'><subfield code='8'>221047467290008831</subfield><subfield code='j'>1</subfield><subfield code='b'>2600-WZA</subfield><subfield code='p'>1088067163</subfield><subfield code='c'>190018</subfield></datafield><datafield ind1=' ' ind2=' ' tag='852'><subfield code='8'>221047467230008831</subfield><subfield code='j'>1</subfield><subfield code='b'>2600-WZA</subfield><subfield code='p'>1088067768</subfield><subfield code='c'>190017</subfield></datafield><datafield ind1=' ' ind2=' ' tag='852'><subfield code='8'>221047467310008831</subfield><subfield code='j'>1</subfield><subfield code='h'>HF3637.3 .P47 2014</subfield><subfield code='b'>5100-BUW</subfield><subfield code='p'>1000953046</subfield><subfield code='c'>10002</subfield><subfield code='z'>HF3637.3 .P47 2014 egz.1,</subfield></datafield><datafield ind1=' ' ind2=' ' tag='852'><subfield code='8'>22819908040008206</subfield><subfield code='j'>1</subfield><subfield code='b'>BWE</subfield><subfield code='p'>E-068619</subfield><subfield code='c'>CZYT1</subfield></datafield><datafield ind1=' ' ind2=' ' tag='852'><subfield code='8'>22805155950008366</subfield><subfield code='j'>1</subfield><subfield code='b'>BGUMG</subfield><subfield code='p'>0000104823</subfield><subfield code='c'>BGUMG_mag</subfield></datafield><datafield ind1=' ' ind2=' ' tag='852'><subfield code='8'>22805155950008366</subfield><subfield code='j'>1</subfield><subfield code='b'>BGUMG</subfield><subfield code='p'>0000103928</subfield><subfield code='c'>BGUMG_mag</subfield></datafield><datafield ind1=' ' ind2=' ' tag='852'><subfield code='8'>22332949370006926</subfield><subfield code='j'>1</subfield><subfield code='h'>MG_bg</subfield><subfield code='b'>TORU</subfield><subfield code='p'>300049080165</subfield><subfield code='c'>MG_bg</subfield></datafield><datafield ind1=' ' ind2=' ' tag='852'><subfield code='8'>22332949350006926</subfield><subfield code='j'>1</subfield><subfield code='h'>Dek 28.5/***/Per/2014</subfield><subfield code='b'>EKTORU</subfield><subfield code='p'>310000513352</subfield><subfield code='c'>CZ_ek</subfield></datafield><datafield ind1=' ' ind2=' ' tag='852'><subfield code='8'>2244942670007665</subfield><subfield code='j'>1</subfield><subfield code='b'>48WBPOWYP</subfield><subfield code='p'>010-067247</subfield><subfield code='c'>WYPWYP</subfield></datafield><datafield ind1=' ' ind2=' ' tag='852'><subfield code='8'>22539532920005067</subfield><subfield code='j'>1</subfield><subfield code='h'>A 797963 II</subfield><subfield code='b'>BJ</subfield><subfield code='p'>1002014255</subfield><subfield code='c'>BJ_EGZ_A</subfield></datafield><datafield ind1=' ' ind2=' ' tag='852'><subfield code='8'>22837153040008343</subfield><subfield code='j'>1</subfield><subfield code='b'>BG</subfield><subfield code='p'>1101071323</subfield><subfield code='c'>90007</subfield><subfield code='z'>E.8.15.3.0 Perspektywy </subfield></datafield><datafield ind1=' ' ind2=' ' tag='852'><subfield code='8'>22837153020008343</subfield><subfield code='j'>1</subfield><subfield code='b'>BEKON</subfield><subfield code='p'>1101135106</subfield><subfield code='c'>10000</subfield></datafield><datafield ind1=' ' ind2=' ' tag='852'><subfield code='8'>2276735570007411</subfield><subfield code='j'>1</subfield><subfield code='b'>BU</subfield><subfield code='p'>AA163938</subfield><subfield code='c'>DZKZO</subfield><subfield code='z'>K/651/14</subfield></datafield><datafield ind1=' ' ind2=' ' tag='852'><subfield code='8'>2276735550007411</subfield><subfield code='j'>1</subfield><subfield code='b'>BU</subfield><subfield code='p'>AA163937</subfield><subfield code='c'>MAGK</subfield><subfield code='z'>K/651/14</subfield></datafield><datafield ind1=' ' ind2=' ' tag='852'><subfield code='8'>2268801070007664</subfield><subfield code='j'>1</subfield><subfield code='b'>BG</subfield><subfield code='p'>242033</subfield><subfield code='c'>AKG</subfield><subfield code='z'>2014/K-142</subfield></datafield><datafield ind1=' ' ind2=' ' tag='852'><subfield code='8'>22770779090008415</subfield><subfield code='j'>1</subfield><subfield code='b'>KP</subfield><subfield code='p'>000031051309</subfield><subfield code='c'>CN</subfield><subfield code='z'>N814385</subfield></datafield><datafield ind1=' ' ind2=' ' tag='852'><subfield code='8'>22755308910008412</subfield><subfield code='j'>1</subfield><subfield code='b'>BG</subfield><subfield code='p'>04124702</subfield><subfield code='c'>M</subfield></datafield><datafield ind1=' ' ind2=' ' tag='852'><subfield code='8'>22755308910008412</subfield><subfield code='j'>1</subfield><subfield code='b'>BG</subfield><subfield code='p'>04124719</subfield><subfield code='c'>M</subfield></datafield><datafield ind1=' ' ind2=' ' tag='852'><subfield code='8'>22172549960006831</subfield><subfield code='j'>1</subfield><subfield code='h'>18313</subfield><subfield code='b'>TmLub</subfield><subfield code='p'>1000849736</subfield><subfield code='c'>TmLu_TmLu</subfield></datafield><datafield ind1=' ' ind2=' ' tag='852'><subfield code='8'>22172549870006831</subfield><subfield code='j'>1</subfield><subfield code='h'>651122 II</subfield><subfield code='b'>BuKul</subfield><subfield code='p'>1001020860</subfield><subfield code='c'>BG_Magazyn</subfield></datafield><datafield ind1=' ' ind2=' ' tag='852'><subfield code='8'>22496362360005066</subfield><subfield code='j'>1</subfield><subfield code='h'>2.906.964</subfield><subfield code='b'>BN_PL</subfield><subfield code='p'>30001021406889</subfield><subfield code='c'>bk8</subfield></datafield><datafield ind1=' ' ind2=' ' tag='852'><subfield code='8'>22496362340005066</subfield><subfield code='j'>1</subfield><subfield code='h'>2.840.743 A</subfield><subfield code='b'>BN_PL</subfield><subfield code='p'>30001021406971</subfield><subfield code='c'>bk1</subfield></datafield><datafield ind1=' ' ind2=' ' tag='852'><subfield code='8'>22824085060008207</subfield><subfield code='j'>1</subfield><subfield code='h'>Z.668637</subfield><subfield code='b'>BPW_K</subfield><subfield code='p'>BPW00393216</subfield><subfield code='c'>ZAS</subfield></datafield><datafield ind1=' ' ind2=' ' tag='852'><subfield code='8'>22121581710007661</subfield><subfield code='j'>1</subfield><subfield code='b'>10000</subfield><subfield code='p'>1011198129</subfield><subfield code='c'>U_BGWD</subfield><subfield code='z'>HF3637.3 .P477 2014</subfield></datafield><datafield ind1=' ' ind2=' ' tag='852'><subfield code='8'>2278958990005068</subfield><subfield code='j'>1</subfield><subfield code='h'>96715/N</subfield><subfield code='b'>WBP-KIELCE</subfield><subfield code='p'>386257</subfield><subfield code='c'>WYP-MAG</subfield></datafield><datafield ind1=' ' ind2=' ' tag='852'><subfield code='b'>48OMNIS_RPL</subfield><subfield code='8'>991001415179705068</subfield></datafield><datafield ind1=' ' ind2=' ' tag='852'><subfield code='b'>48OMNIS_UOP</subfield><subfield code='8'>990007044620108206</subfield></datafield><datafield ind1=' ' ind2=' ' tag='852'><subfield code='b'>48OMNIS_KBP</subfield><subfield code='8'>990006932260108412</subfield></datafield><datafield ind1=' ' ind2=' ' tag='852'><subfield code='b'>48OMNIS_WSE</subfield><subfield code='8'>990002279380307664</subfield></datafield><datafield ind1=' ' ind2=' ' tag='852'><subfield code='b'>48GMU_INST</subfield><subfield code='8'>991000264229708366</subfield></datafield><datafield ind1=' ' ind2=' ' tag='852'><subfield code='b'>48UWM_INST</subfield><subfield code='8'>990011661750107411</subfield></datafield><datafield ind1=' ' ind2=' ' tag='852'><subfield code='b'>48OMNIS_KPS</subfield><subfield code='8'>990005934840208415</subfield></datafield><datafield ind1=' ' ind2=' ' tag='852'><subfield code='b'>48FAR_UGD</subfield><subfield code='8'>991008987869708343</subfield></datafield><datafield ind1=' ' ind2=' ' tag='852'><subfield code='b'>48OMNIS_UMKWT</subfield><subfield code='8'>991008295059706926</subfield></datafield><datafield ind1=' ' ind2=' ' tag='852'><subfield code='b'>48OMNIS_NLOP</subfield><subfield code='8'>991047040049705066</subfield></datafield><datafield ind1=' ' ind2=' ' tag='852'><subfield code='b'>48OMNIS_UOW</subfield><subfield code='8'>991013299229708831</subfield></datafield><datafield ind1=' ' ind2=' ' tag='852'><subfield code='b'>48OMNIS_KUL</subfield><subfield code='8'>991002016889706831</subfield></datafield><datafield ind1=' ' ind2=' ' tag='852'><subfield code='b'>48OMNIS_TL</subfield><subfield code='8'>991000407609608218</subfield></datafield><datafield ind1=' ' ind2=' ' tag='852'><subfield code='b'>48OMNIS_WBPO</subfield><subfield code='8'>991004012509707665</subfield></datafield><datafield ind1=' ' ind2=' ' tag='852'><subfield code='b'>48OMNIS_BPW</subfield><subfield code='8'>991053595693408207</subfield></datafield><datafield ind1=' ' ind2=' ' tag='852'><subfield code='b'>48OMNIS_UJA</subfield><subfield code='8'>991007276869705067</subfield></datafield><datafield ind1=' ' ind2=' ' tag='852'><subfield code='b'>48OMNIS_UMCS</subfield><subfield code='8'>991008707109707661</subfield></datafield><datafield ind1=' ' ind2=' ' tag='852'><subfield code='b'>48OMNIS_NETWORK</subfield><subfield code='8'>9910264132205606</subfield></datafield><datafield ind1=' ' ind2=' ' tag='920'><subfield code='a'>978-83-7930-350-2 (oprawa miękka) : zł 63</subfield></datafield><datafield ind1=' ' ind2=' ' tag='950'><subfield code='u'>https://eu05.alma.exlibrisgroup.com/view/uresolver/48OMNIS_NETWORK/openurl?u.ignore_date_coverage=true&amp;portfolio_pid=5379060870007664&amp;Force_direct=true</subfield><subfield code='z'>spis treści</subfield><subfield code='8'>5379060870007664</subfield></datafield></record>
  </collection>
</resp>
